| 000 | 00691nam a2200289Ia 4500 | ||
|---|---|---|---|
| 005 | 20260324115846.0 | ||
| 008 | 008 260324s9999 xx 000 0 eng d | ||
| 020 | _a9780429154676 | ||
| 037 | _aEBOOK | ||
| 040 | _aCRL | ||
| 040 | _beng | ||
| 040 | _cCRL | ||
| 041 | _2eng | ||
| 041 | _aeng | ||
| 084 | _qCRL | ||
| 100 |
_aPaul S. Samuel _91156280 |
||
| 245 | 0 | _aMeteorology and Energy Security | |
| 245 | 0 | _bSimulations, Projections, and Management | |
| 260 | _bTaylor and Francis | ||
| 260 | _c2016 | ||
| 365 | _a | ||
| 365 | _b265 | ||
| 856 | _uhttp://www.taylorfrancis.com/books/9780429154676 | ||
| 942 | _cEBOOK | ||
| 999 |
_c1747469 _d1747469 |
||